Statistics for disney character names in 90 seconds

Click here to take the quiz!

General Stats

  • This quiz has been taken 98 times
  • The average score is 7 of 9

Answer Stats

DescriptionAnswer% Correct
Long hairRa
95%
Forced to marry jafarJa
95%
Lied so she can fight in warMu
94%
Was the fairestSn
93%
Ran away at 12:00Ci
88%
Rubbed the lambAl
77%
Too much of a nosePi
73%
Gave her mum a cakeMe
47%
Was on a mission with a gypsyWr
2%

Score Distribution

Percentile by Number Answered

Percent of People with Each Score

Your Score History

You have not taken this quiz